| 000 | 00546nam a2200181Ia 4500 | ||
|---|---|---|---|
| 008 | 240729s9999 xx 000 0 und d | ||
| 022 | _a2527-9165 | ||
| 245 | 0 | _aJOIN: Jurnal Online Informatika | |
| 260 | _aIndonesia | ||
| 260 | _bDepartment of Informatics, UIN Sunan Gunung Djati Bandung | ||
| 650 | _a Electronic computers. Computer science | ||
| 650 | _a Instruments and machines | ||
| 650 | _a Mathematics | ||
| 650 | _aScience | ||
| 856 | _uhttps://doaj.org/toc/27b717fac4e74798b0167805bc7dcaea | ||
| 942 | _2ddc | ||
| 942 | _cDOAJEJ | ||
| 999 |
_c74982 _d74982 |
||
| 945 |
_a1 _bMadushi Gamage _c1 _dMadushi Gamage |
||